000 00837nam a2200253Ia 4500
003 OSt
005 20220923223401.0
006 a|||||r|||| 00| 0
007 ta
008 220922b |||||||| |||| 00| 0 hin d
024 _a214,528
037 _cTextual
040 _aARTS
_cARTS
_bhin
041 _2hin
_ahin
082 _aO152,3N06w, M9
100 _aतिवारी, विश्वनाथ प्रसाद
245 0 _aहजारी प्रसाद
246 _aHajārī prasāda
260 _aदिल्ली
_b साहित्य अकादेमी
_c1989
300 _a94 i`-
_ccm.
650 _aहिन्दी साहित्य
_9156264
942 _hO152,3N06w, M9
_cTEXL
_2CC
999 _c364459
_d364459